00881nam a2200265 i 4500001001000000003001000010005001700020007000300037008004100040020001500081040004700096041000800143082002300151100002900174245008400203264004200287264001200329300002700341336002700368337003300395338002800428505012400456563001400580630002100594768714001CO-MdFUSB20210624164343.0ta210624t1979 -us |||| |||| 00| 0 eng d a0801096235 aCO-MdFUSBbspacCO-MdFUSBdCO-MdFUSBCerda aeng 223a227.507bW524s aWestcott, Brooke.eautor1 aSaint Paul's Epistle to the Ephesians :bthe Greek textc/ Brooke Foss Westcott 1aLondres :bBaker Book House, c[1979] 4c© 1979 a212 páginasc; 20 cm 2rdacontentatextobtxt 2rdamediaasin mediaciónbn 2rdacarrieravolumenbnc aEfesios Intérprete de inglés Heironymi el código Amiatino -- Carta a los Efesios [Wiclif - 1380 y Tyndale - 1534] aRústico07aBiblia.pEfesios